<?xml version="1.0" encoding="UTF-8"?>
<record
    xmlns:xsi="http://www.w3.org/2001/XMLSchema-instance"
    xsi:schemaLocation="http://www.loc.gov/MARC21/slim http://www.loc.gov/standards/marcxml/schema/MARC21slim.xsd"
    xmlns="http://www.loc.gov/MARC21/slim">

  <leader>01368nam a22001457a 4500</leader>
  <controlfield tag="005">20240726132659.0</controlfield>
  <controlfield tag="008">240717b           ||||| |||| 00| 0 eng d</controlfield>
  <datafield tag="050" ind1=" " ind2=" ">
    <subfield code="a">LB2395.M445(6e)</subfield>
  </datafield>
  <datafield tag="082" ind1=" " ind2=" ">
    <subfield code="2">7ed</subfield>
  </datafield>
  <datafield tag="245" ind1=" " ind2=" ">
    <subfield code="a">Study and critical thinking skills in college/</subfield>
    <subfield code="c">Kathleen T. McWhorter</subfield>
  </datafield>
  <datafield tag="300" ind1=" " ind2=" ">
    <subfield code="a">Xvii, 425 p,:</subfield>
    <subfield code="c">24cm</subfield>
  </datafield>
  <datafield tag="500" ind1=" " ind2=" ">
    <subfield code="a">Includes references, endnotes, credits, index</subfield>
  </datafield>
  <datafield tag="505" ind1=" " ind2=" ">
    <subfield code="a">Contents: Part 1: College: Strategies for success -- the college system: an orientation -- taking charge of your college career -- establishing goals and managing your time -- managing your life and coping with stress -- communication skills for the classroom -- thinking critically and solving problems -- Part 2: Learning and thinking strategies: learning styles and teaching styles -- learning and memory -- Part 3: Applying your skills to academic disciplines: study strategies for academic discipline -- learning specialized and technical vocabulary -- Part4: Mastering course content: thought patterns of academic disciplines -- note taking for class lectures -- learning from textbooks, graphics, and online sources -- organizing and synthesizing course content -- critical reading and thinking about course content -- Part 5: Exams: Thinking under pressure: preparing for exams -- reasoning skills for objective exams -- taking essay exams. </subfield>
  </datafield>
  <datafield tag="942" ind1=" " ind2=" ">
    <subfield code="2">ddc</subfield>
    <subfield code="c">BK</subfield>
    <subfield code="e">7ed</subfield>
  </datafield>
  <datafield tag="999" ind1=" " ind2=" ">
    <subfield code="c">10291</subfield>
    <subfield code="d">17791</subfield>
  </datafield>
  <datafield tag="952" ind1=" " ind2=" ">
    <subfield code="0">0</subfield>
    <subfield code="1">0</subfield>
    <subfield code="2">lcc</subfield>
    <subfield code="4">0</subfield>
    <subfield code="7">0</subfield>
    <subfield code="a">WIUC-1</subfield>
    <subfield code="b">WIUC-1</subfield>
    <subfield code="c">REF</subfield>
    <subfield code="d">2024-07-17</subfield>
    <subfield code="o">LB2395.M445(7e)</subfield>
    <subfield code="p">9736/437/24</subfield>
    <subfield code="r">2024-07-17 00:00:00</subfield>
    <subfield code="t">1</subfield>
    <subfield code="w">2024-07-17</subfield>
    <subfield code="y">REF</subfield>
  </datafield>
</record>
